Biggest Urban Areas in the Philippines - Statistics

General Stats
  • This quiz has been taken 31 times
  • The average score is 7 of 20
Answer Stats
Population City % Correct
23,371,436 Manila
92%
2,476,708 Cebu
88%
1,439,598 Davao
84%
695,176 Zamboanga
52%
459,573 Baguio
48%
550,767 Iloilo
44%
716,057 Cagayan de Oro
40%
474,395 General Santos
40%
1,332,870 Angeles
36%
617,227 Bacolod
36%
390,150 Batangas
28%
491,827 Dagupan
28%
310,394 Olongapo
16%
289,172 Cabanatuan
12%
337,317 Gapan
8%
332,386 Lipa
8%
305,423 Lucena
8%
365,716 Tanauan
8%
342,477 Cotabato
4%
299,054 Iligan
4%
No matching quizzes found
Score Distribution
Percent of People with Each Score
Percentile by Number Answered
Your Score History
You have not taken this quiz